| 000 | 01474nam a22003377a 4500 | ||
|---|---|---|---|
| 003 | OSt | ||
| 005 | 20260630084732.0 | ||
| 008 | 260630b ar ||||| |||| 00| | spa d | ||
| 040 | _aHCSPBA | ||
| 041 | _aspa | ||
| 100 | _aCastelar, Emilio | ||
| 245 |
_aObras escogidas de D. Emilio Castelar. _nTomo 8. _pDiscursos políticos de Emilio Castelar dentro y fuera del parlamento en los años de 1871 a 1873, I |
||
| 260 |
_aMadrid. _bAngel de San Martín. _c[19--]. |
||
| 300 | _a v. | ||
| 505 | _aIndice | ||
| 505 | _aLas elecciones del Ministerio de conciliación | ||
| 505 | _aDebates y rectificaciones sobre las elecciones de conciliación | ||
| 505 | _aDiscurso en respuesta a una alusión personal | ||
| 505 | _aDefensa del derecho a discutir la institución monárquica y la dinastía de Saboya | ||
| 505 | _aDiscurso sobre las elecciones de Villarcayo | ||
| 505 | _aObservaciones sobre los refugiados políticos, motivadas por los sucesos de París | ||
| 505 | _aDiscurso contra el mensaje o contestación a la corona, vulgarmente conocido con el dictado del discurso de la benevolencia | ||
| 505 | _aRectificaciones provocadas por las contestaciones al anterior discurso | ||
| 505 | _aDeclaraciones sobre los asuntos de ultramar | ||
| 505 | _aDiscurso sobre la sociedad de trabajadores, llamada la internacional | ||
| 650 | _aHISTORIA | ||
| 650 | _aPOLITICA CULTURAL | ||
| 651 | _aESPAÑA | ||
| 690 | _aIDEOLOGIAS POLITICAS | ||
| 942 | _cLIB | ||
| 999 |
_c65169 _d134638 |
||